[Event "13sen.WMH 2003 Senioren"]
[Site "Bad Zwischenahn(17.11.-29.11.2003)"]
[Date "2003.11.29"]
[Round "3"]
[White "Daitche, Josef"]
[Black "Szymaniak, Horst"]
[Result "0-1"]
[WhiteElo "1649"]
[BlackElo "2007"]
[PlyCount "68"]


1. Nf3 Nf6 2. c4 e6 3. Nc3 d5 4. e3 b6 5. Be2 Bb7 6. O-O Bd6 7. b3 Nbd7 8. Bb2
O-O 9. Nb5 Be7 10. d3 a6 11. Nc3 Bd6 12. h3 Re8 13. Qc2 c5 14. cxd5 exd5 15. d4
Ne4 16. Bd3 Rc8 17. Rac1 Qe7 18. Qb1 g5 19. g3 h5 20. Bxe4 dxe4 21. dxc5 bxc5
22. Nd2 h4 23. Kh2 Ne5 24. Kg2 Nd3 25. Rcd1 hxg3 26. fxg3 Qe5 27. Ne2 Nxb2 28.
Rc1 a5 29. Rc2 Ba6 30. Nc4 Nxc4 31. bxc4 Rb8 32. Qe1 Rb2 33. Qf2 Bxc4 34. Rxb2
Qxb2 0-1

[Event "13sen.WMH 2003 Senioren"]
[Site "Bad Zwischenahn(17.11.-29.11.2003)"]
[Date "2003.11.29"]
[Round "3"]
[White "Daniel, Wolfgang"]
[Black "Kristiansen, Erling"]
[Result "0-1"]
[WhiteElo "1930"]
[BlackElo "2211"]
[PlyCount "96"]


1. e4 e5 2. Nf3 Nc6 3. Nc3 Nf6 4. Bb5 Bb4 5. O-O O-O 6. d3 d6 7. Bg5 Bxc3 8.
bxc3 Ne7 9. Nh4 Ng6 10. Nxg6 fxg6 11. Bc4+ Kh8 12. f4 h6 13. fxe5 hxg5 14. exf6
gxf6 15. Qf3 Kg7 16. Rae1 Rb8 17. d4 Qe7 18. Qg3 Bd7 19. Bd3 Rbe8 20. c4 Rh8
21. c3 Rh4 22. c5 Reh8 23. cxd6 cxd6 24. e5 dxe5 25. dxe5 f5 26. e6 Qc5+ 27.
Qe3 Qxe3+ 28. Rxe3 Bc6 29. h3 g4 30. Rf4 Bxg2 31. hxg4 Bc6 32. Bf1 Re8 33. Rd4
Rxg4+ 34. Rxg4 fxg4 35. Bc4 Kf6 36. Kf2 Re7 37. Kg3 Bf3 38. Bb3 Rh7 39. Re1 g5
40. Rg1 Rh3+ 41. Kf2 Rh2+ 42. Kg3 Re2 43. Bd1 Re3 44. Bxf3 gxf3 45. Kf2 Rxc3
46. e7 Kxe7 47. Rxg5 Kf6 48. Rb5 b6 0-1

[Event "13sen.WMH 2003 Senioren"]
[Site "Bad Zwischenahn(17.11.-29.11.2003)"]
[Date "2003.11.29"]
[Round "3"]
[White "Delander, Adolf"]
[Black "Wiesner, Werner"]
[Result "1/2-1/2"]
[WhiteElo "2006"]
[BlackElo "2031"]
[PlyCount "24"]


1. d4 d5 2. c4 dxc4 3. e3 Nf6 4. Bxc4 c6 5. Nf3 Nbd7 6. O-O Nb6 7. b3 Nxc4 8.
bxc4 Bg4 9. Nbd2 e6 10. Qb3 Qb6 11. c5 Qxb3 12. axb3 Bxf3 1/2-1/2

[Event "13sen.WMH 2003 Senioren"]
[Site "Bad Zwischenahn(17.11.-29.11.2003)"]
[Date "2003.11.29"]
[Round "3"]
[White "Dirksen, Arno"]
[Black "Bodinger, Karl"]
[Result "1-0"]
[WhiteElo "1678"]
[BlackElo "1394"]
[PlyCount "57"]


1. e4 c5 2. Nf3 d6 3. d4 cxd4 4. Nxd4 Nf6 5. Nc3 a6 6. Be2 g6 7. Be3 Bg7 8. O-O
e5 9. Nb3 O-O 10. f3 b5 11. Nd5 Nc6 12. c4 bxc4 13. Bxc4 Bb7 14. Bb6 Qd7 15.
Nc5 Qc8 16. Nxf6+ Bxf6 17. Qxd6 Be7 18. Qd5 Na5 19. Nxb7 Nxb7 20. Rac1 Bc5+ 21.
Bxc5 Qxc5+ 22. Qxc5 Nxc5 23. Bxf7+ Kxf7 24. Rxc5 Rfe8 25. Rfc1 Kg7 26. Rc7+ Kh6
27. h4 Rad8 28. g4 Rf8 29. g5+ 1-0

[Event "13sen.WMH 2003 Senioren"]
[Site "Bad Zwischenahn(17.11.-29.11.2003)"]
[Date "2003.11.29"]
[Round "3"]
[White "Erbs, Wolfgang"]
[Black "Fleischer, Martin"]
[Result "1-0"]
[WhiteElo "1727"]
[BlackElo "1681"]
[PlyCount "75"]


1. e4 e6 2. d4 d5 3. Nc3 dxe4 4. Nxe4 Nf6 5. Nxf6+ Qxf6 6. Nf3 Qd8 7. Bd3 a6 8.
O-O Be7 9. Re1 O-O 10. c4 Bf6 11. Ne5 g6 12. Be3 Bg7 13. Be4 Qh4 14. Bf3 Bxe5
15. dxe5 Qxc4 16. Rc1 Qb5 17. Qc2 Nd7 18. Bh6 Re8 19. Qxc7 Qxb2 20. Rb1 Qd4 21.
Bxb7 Rb8 22. Bxc8 Rbxc8 23. Qa5 Rc2 24. Be3 Qc4 25. a3 Rc8 26. h3 Nc5 27. Bxc5
Qxc5 28. Qxc5 R8xc5 29. Re3 Ra2 30. Rd1 Rcc2 31. Rf3 Re2 32. Rd8+ Kg7 33. Rd7
Rxe5 34. Rfxf7+ Kh6 35. h4 Kh5 36. Rxh7+ Kg4 37. Rd4+ Re4 38. Rxe4+ 1-0

[Event "13sen.WMH 2003 Senioren"]
[Site "Bad Zwischenahn(17.11.-29.11.2003)"]
[Date "2003.11.29"]
[Round "3"]
[White "Erdmann, Wolfgang"]
[Black "Bredendick, Franz"]
[Result "0-1"]
[WhiteElo "1538"]
[BlackElo "1792"]
[PlyCount "86"]


1. c4 Nf6 2. d4 e5 3. e3 e4 4. Nc3 c6 5. Bd2 Be7 6. Qc2 d5 7. b3 O-O 8. Nge2 a6
9. c5 Bf5 10. Ng3 Bg6 11. Be2 h5 12. Qd1 h4 13. Nh5 Nbd7 14. g3 Nh7 15. Nf4 Bg5
16. Bh5 Bxh5 17. Nxh5 f5 18. Ne2 Qe8 19. Nhf4 Bh6 20. Ba5 g5 21. Nh3 g4 22.
Nhf4 Ng5 23. Ng1 Rc8 24. Qd2 Nf6 25. Qb4 Qf7 26. gxh4 Nf3+ 27. Nxf3 exf3 28.
Nd3 Rfe8 29. O-O-O Ne4 30. Qe1 Nxf2 31. Ne5 Rxe5 32. dxe5 Nxh1 33. Qxh1 Bxe3+
34. Kc2 Qe7 35. Bc3 Qxc5 36. Kb2 d4 37. Bd2 Bxd2 38. Qf1 Bc3+ 39. Kb1 Re8 40.
Rd3 Rxe5 41. Qc1 Re1 42. Rd1 Rxd1 43. Qxd1 Qa3 0-1

[Event "13sen.WMH 2003 Senioren"]
[Site "Bad Zwischenahn(17.11.-29.11.2003)"]
[Date "2003.11.29"]
[Round "3"]
[White "Fanenbruck, Guenter"]
[Black "Gensch, Manfred"]
[Result "1-0"]
[WhiteElo "1593"]
[BlackElo "1761"]
[PlyCount "51"]


1. e4 c5 2. Nf3 Nc6 3. d4 cxd4 4. c3 Nf6 5. e5 Nd5 6. cxd4 d6 7. exd6 Qxd6 8.
Nc3 Nxc3 9. bxc3 g6 10. Bd3 Bg7 11. O-O O-O 12. Re1 e5 13. Be4 exd4 14. Bxc6
Qxc6 15. Ba3 Rd8 16. cxd4 Bg4 17. Rc1 Bxf3 18. gxf3 Qd5 19. Qe2 Bxd4 20. Rcd1
Qg5+ 21. Kh1 Bf6 22. Rxd8+ Rxd8 23. Qe8+ Rxe8 24. Rxe8+ Kg7 25. Bf8+ Kg8 26.
Bh6# 1-0

[Event "13sen.WMH 2003 Senioren"]
[Site "Bad Zwischenahn(17.11.-29.11.2003)"]
[Date "2003.11.29"]
[Round "3"]
[White "Filzmaier, Bruno"]
[Black "Heimberg, Guenter"]
[Result "1/2-1/2"]
[WhiteElo "1784"]
[BlackElo "1667"]
[PlyCount "31"]


1. a3 e5 2. e3 Nf6 3. d4 exd4 4. exd4 d5 5. Bd3 Be6 6. Nf3 Bd6 7. O-O O-O 8.
Bg5 Nbd7 9. Nbd2 h6 10. Bh4 Qc8 11. c3 Nh7 12. Qc2 Ndf6 13. Ne5 c5 14. b4 cxd4
15. cxd4 Qxc2 16. Bxc2 1/2-1/2

[Event "13sen.WMH 2003 Senioren"]
[Site "Bad Zwischenahn(17.11.-29.11.2003)"]
[Date "2003.11.29"]
[Round "3"]
[White "Frauenfelder, Rudolf"]
[Black "Loesche, Heinz"]
[Result "0-1"]
[WhiteElo "1926"]
[BlackElo "1784"]
[PlyCount "106"]


1. c4 Nf6 2. Nc3 c5 3. g3 g6 4. Bg2 Bg7 5. e4 Nc6 6. d3 d6 7. Nge2 Bd7 8. Rb1
a6 9. O-O Rb8 10. a4 O-O 11. h3 Qb6 12. Be3 e5 13. f4 Nb4 14. Kh2 Qc7 15. fxe5
dxe5 16. Bg5 Qd6 17. Nd5 Nfxd5 18. cxd5 f5 19. b3 Rf7 20. Qd2 Rbf8 21. Kh1 h6
22. Bxh6 Bxh6 23. Qxh6 Nxd3 24. exf5 Bxf5 25. Qe3 Nf2+ 26. Rxf2 Bxb1 27. Rxf7
Rxf7 28. Nc3 Bc2 29. Kh2 b6 30. Kg1 Kg7 31. Ne2 Qf6 32. Nc3 e4 33. Ne2 Bxb3 34.
Nf4 Bc2 35. Bxe4 Bxe4 36. Qxe4 Qd4+ 37. Qxd4+ cxd4 38. Ne6+ Kg8 39. Nxd4 Rd7
40. Kf2 Rxd5 41. Ne2 Rd3 42. Nf4 Rb3 43. Nd5 Kg7 44. Nc7 b5 45. axb5 axb5 46.
h4 Kf7 47. g4 b4 48. h5 gxh5 49. gxh5 Rh3 50. Ke2 Rxh5 51. Kd3 Rh4 52. Na6 b3
53. Kc3 Ra4 0-1

[Event "13sen.WMH 2003 Senioren"]
[Site "Bad Zwischenahn(17.11.-29.11.2003)"]
[Date "2003.11.29"]
[Round "3"]
[White "Fritsch, Juergen,Dr."]
[Black "Jakoby, Hans"]
[Result "1-0"]
[WhiteElo "1851"]
[BlackElo "1785"]
[PlyCount "101"]


1. d4 Nf6 2. Bg5 d5 3. e3 e6 4. Bd3 Be7 5. Nf3 Nbd7 6. Nbd2 c5 7. c3 O-O 8. O-O
Re8 9. Ne5 Nf8 10. f4 N6d7 11. Bxe7 Qxe7 12. Qh5 f6 13. Nxd7 Bxd7 14. Nf3 Rec8
15. Rae1 c4 16. Bb1 Be8 17. Qh3 f5 18. g4 g6 19. Qg2 a5 20. h4 b5 21. h5 Kh8
22. hxg6 fxg4 23. Qxg4 Bxg6 24. Kf2 Bxb1 25. Rxb1 Qg7 26. Qh5 Qg6 27. Qe5+ Qg7
28. Rg1 Qxe5 29. Nxe5 Rc7 30. Rg5 Rg7 31. Rbg1 Rxg5 32. Rxg5 Ra7 33. Kf3 b4 34.
e4 bxc3 35. bxc3 Rg7 36. exd5 exd5 37. Rxg7 Kxg7 38. Nc6 a4 39. Ne7 Ne6 40.
Nxd5 Kg6 41. Ne3 Nc7 42. Nxc4 Nd5 43. Ne5+ Kf5 44. c4 Nb4 45. c5 Ke6 46. Ke4
Nxa2 47. d5+ Ke7 48. d6+ Kd8 49. c6 Nc3+ 50. Kf5 Nd5 51. Nf7+ 1-0

[Event "13sen.WMH 2003 Senioren"]
[Site "Bad Zwischenahn(17.11.-29.11.2003)"]
[Date "2003.11.29"]
[Round "3"]
[White "Geibel, Henning"]
[Black "Forselv, Edmund"]
[Result "0-1"]
[WhiteElo "1088"]
[BlackElo "1840"]
[PlyCount "86"]


1. d4 Nf6 2. Bg5 Ne4 3. Bh4 c5 4. e3 Nc6 5. Nf3 d5 6. Nbd2 Qb6 7. Rb1 cxd4 8.
Nxe4 dxe4 9. Nxd4 Nxd4 10. exd4 Be6 11. d5 Qa5+ 12. Qd2 Qxd2+ 13. Kxd2 Bxd5 14.
Bb5+ Bc6 15. Bxc6+ bxc6 16. Rbd1 h6 17. f3 exf3 18. gxf3 g5 19. Bg3 Bg7 20. c3
O-O 21. h4 f5 22. hxg5 hxg5 23. Kc2 Rfd8 24. Bf2 Rd5 25. Rh5 Bf6 26. Rxd5 cxd5
27. Bd4 Kf7 28. Bxf6 Kxf6 29. Rh6+ Ke5 30. Rh5 Kf4 31. Kd3 e5 32. c4 dxc4+ 33.
Kxc4 Rg8 34. b4 Kxf3 35. a4 g4 36. Rxf5+ Ke4 37. Rf7 g3 38. Rf1 g2 39. Rg1 Kf3
40. Kd5 Kf2 41. Rxg2+ Rxg2 42. Kxe5 Rg4 43. b5 Rxa4 0-1

[Event "13sen.WMH 2003 Senioren"]
[Site "Bad Zwischenahn(17.11.-29.11.2003)"]
[Date "2003.11.29"]
[Round "3"]
[White "Grabara, Manfred"]
[Black "Szczepaniec, Stanislaw"]
[Result "0-1"]
[WhiteElo "1741"]
[BlackElo "2206"]
[PlyCount "50"]


1. f4 e5 2. fxe5 d6 3. exd6 Bxd6 4. Nf3 Nf6 5. d4 Ng4 6. Qd3 O-O 7. e4 Re8 8.
e5 f6 9. h3 fxe5 10. hxg4 e4 11. Qb3+ Be6 12. Bc4 exf3 13. Bxe6+ Kh8 14. Kf2
Qf6 15. d5 Qe5 16. gxf3 Qg3+ 17. Kf1 Bc5 18. Be3 Qxf3+ 19. Ke1 Qxh1+ 20. Ke2
Qg2+ 21. Kd1 Qf3+ 22. Kd2 Na6 23. Na3 Rxe6 24. dxe6 Rd8+ 25. Ke1 Bxe3 0-1

[Event "13sen.WMH 2003 Senioren"]
[Site "Bad Zwischenahn(17.11.-29.11.2003)"]
[Date "2003.11.29"]
[Round "3"]
[White "Grasmik, Waldemar"]
[Black "Kuhnert, Werner"]
[Result "0-1"]
[WhiteElo "1506"]
[BlackElo "1290"]
[PlyCount "194"]


1. d4 Nf6 2. Bf4 e6 3. e3 d5 4. Bd3 Nc6 5. c3 Bd6 6. g3 e5 7. dxe5 Nxe5 8. Bxe5
Bxe5 9. Nd2 Bd7 10. Ngf3 Bd6 11. h4 Qe7 12. Qc2 g6 13. a3 Be6 14. Nd4 Bd7 15.
O-O-O O-O-O 16. Rde1 Rde8 17. b4 c5 18. Nb5 Kb8 19. Qa4 a6 20. bxc5 Bxc5 21.
Qf4+ Qe5 22. Qxe5+ Rxe5 23. Nd4 Bxa3+ 24. Kc2 Ka7 25. Ra1 Bc5 26. N2b3 Bb6 27.
Rhe1 Ne4 28. Re2 Rc8 29. Bxe4 dxe4 30. Rd2 Be8 31. g4 Re7 32. Kb2 Rec7 33. Rc2
Rc4 34. Nd2 Ra4 35. Rcc1 Rxa1 36. Rxa1 Bxd4 37. exd4 Bd7 38. g5 Bf5 39. Re1 Re8
40. Re3 b5 41. f3 Bd7 42. fxe4 Kb6 43. e5 Kc6 44. Ne4 Rh8 45. Rf3 Be6 46. Rf6
Kd5 47. Nc5 a5 48. Nb7 a4 49. Ka3 Kc4 50. Rf3 b4+ 51. Kxa4 bxc3 52. Nd6+ Kxd4
53. Nb5+ Kxe5 54. Nxc3 Rc8 55. Kb5 Kd4 56. Ne2+ Ke4 57. Rf2 Ke3 58. Rh2 Rc2 59.
Rh1 Rxe2 60. Kc5 Bf5 61. h5 gxh5 62. Rxh5 Bg6 63. Rh4 Kd3 64. Rg4 Kd2 65. Rg1
Ke3 66. Rg4 Kf3 67. Rd4 Re4 68. Rd5 Kg4 69. Kd6 Rf4 70. Ke7 Rf5 71. Rd1 Kxg5
72. Kf8 h5 73. Kg7 Rf4 74. Rd5+ Rf5 75. Rd1 h4 76. Rg1+ Kh5 77. Rh1 Rg5 78. Kf6
Rg3 79. Ke5 h3 80. Kf4 Kh4 81. Rh2 Bh5 82. Rc2 Rg2 83. Rc1 Rf2+ 84. Ke3 Rg2 85.
Kf4 h2 86. Rh1 Kh3 87. Re1 Rf2+ 88. Kg5 Bf3 89. Re8 h1=Q 90. Rh8+ Kg2 91. Rg8
Kf1 92. Rb8 Re2 93. Rb1+ Re1 94. Rb4 Qg2+ 95. Kh4 Re4+ 96. Rxe4 Bxe4 97. Kh5 f5
0-1

[Event "13sen.WMH 2003 Senioren"]
[Site "Bad Zwischenahn(17.11.-29.11.2003)"]
[Date "2003.11.29"]
[Round "3"]
[White "Grassmehl, Gerhard"]
[Black "Gestrich, Wolfgang,Prof.Dr."]
[Result "1-0"]
[WhiteElo "1721"]
[BlackElo "1401"]
[PlyCount "119"]


1. d4 Nf6 2. c4 d6 3. Nf3 Bf5 4. Nc3 c6 5. Bg5 Nfd7 6. e4 Bg4 7. Be2 h6 8. Bh4
Bh5 9. h3 g5 10. Bg3 Bg7 11. Bh2 Bg6 12. e5 dxe5 13. dxe5 e6 14. O-O Qc7 15.
Qd6 Qxd6 16. exd6 Bxc3 17. bxc3 c5 18. Ne5 Bh7 19. f4 f6 20. Bh5+ Kf8 21. Nf7
Rg8 22. Nd8 Bg6 23. Bxg6 Rxg6 24. Nxe6+ Kf7 25. Nc7 Nb6 26. Rae1 Nc6 27. Nxa8
Nxa8 28. fxg5 hxg5 29. d7 Rg8 30. Be5 Ke6 31. Bd4+ Kxd7 32. Bxc5 b6 33. Rd1+
Ke8 34. Rxf6 Na5 35. Re1+ Kd8 36. Be7+ Kc8 37. c5 bxc5 38. Bxc5 Rg7 39. Rf8+
Kb7 40. Bd4 Rd7 41. Rf5 Nc6 42. Bf6 Rf7 43. g4 Rh7 44. Kg2 Rd7 45. Bxg5 Rd3 46.
c4 Rc3 47. Rc1 Ra3 48. Rb1+ Kc7 49. Bf4+ Kc8 50. Rf8+ Nd8 51. Rd1 Rxa2+ 52. Kg3
Ra3+ 53. Kh4 a5 54. Rdxd8+ Kb7 55. Rxa8 Rd3 56. Rxa5 Kb6 57. Rb5+ Kc6 58. Rf6+
Kd7 59. Rd5+ Ke7 60. Rxd3 1-0

[Event "13sen.WMH 2003 Senioren"]
[Site "Bad Zwischenahn(17.11.-29.11.2003)"]
[Date "2003.11.29"]
[Round "3"]
[White "Gutknecht, Christa"]
[Black "Till, Heinz"]
[Result "1-0"]
[WhiteElo "1666"]
[BlackElo "1363"]
[PlyCount "103"]


1. d4 Nf6 2. Nf3 d5 3. h3 Nc6 4. c3 e6 5. Bg5 Be7 6. Nbd2 O-O 7. e3 Ne4 8. Bxe7
Qxe7 9. Bd3 f5 10. O-O a6 11. a4 Bd7 12. Rc1 Be8 13. c4 Nb4 14. Be2 Nc6 15.
Nxe4 fxe4 16. Nd2 Bg6 17. cxd5 exd5 18. Qb3 Nb4 19. Rc3 c6 20. a5 Rfc8 21. Rfc1
Be8 22. Rc5 Rab8 23. Qxb4 Bd7 24. Bg4 Bxg4 25. hxg4 Qg5 26. Nxe4 Qxg4 27. Ng3
h5 28. Qd2 h4 29. Qe2 Qe6 30. Nf1 h3 31. g3 Qe4 32. f3 Qh7 33. R5c2 Rf8 34. Nh2
Rf7 35. Rf1 Rbf8 36. f4 Re8 37. Rd2 Rfe7 38. Ng4 Re6 39. Kh2 Rd6 40. Ne5 Ree6
41. Qf3 Rf6 42. Qg4 Rf5 43. Re2 Kh8 44. Qf3 Rdf6 45. g4 Rg5 46. Qg3 Rxe5 47.
dxe5 Rh6 48. f5 Qg8 49. e6 Qf8 50. Ref2 Qe7 51. Qf4 Qh4 52. g5 1-0

[Event "13sen.WMH 2003 Senioren"]
[Site "Bad Zwischenahn(17.11.-29.11.2003)"]
[Date "2003.11.29"]
[Round "3"]
[White "Hamm, Georg,Dr."]
[Black "Luecke, Volkmar"]
[Result "1-0"]
[WhiteElo "2025"]
[BlackElo "1878"]
[PlyCount "91"]


1. Nf3 Nf6 2. g3 g6 3. Bg2 Bg7 4. d3 d5 5. Nbd2 O-O 6. O-O c6 7. Re1 Nbd7 8. e4
dxe4 9. dxe4 e5 10. b3 Re8 11. Nc4 Qc7 12. Ba3 Bf8 13. Bxf8 Nxf8 14. Qd6 Qxd6
15. Nxd6 Re7 16. Nc4 N6d7 17. Rad1 f6 18. Rd6 Kg7 19. Bh3 Nb6 20. Nxb6 axb6 21.
Rd8 Ne6 22. Bxe6 Rxe6 23. Red1 Re7 24. a4 Rc7 25. Re8 b5 26. Rdd8 b6 27. Kg2
bxa4 28. bxa4 b5 29. a5 c5 30. Nd2 c4 31. c3 Rxa5 32. Rxc8 Rxc8 33. Rxc8 Ra2
34. Nf1 Rc2 35. Rc5 Rxc3 36. Rxb5 Rd3 37. Rb7+ Kh6 38. Rc7 c3 39. Ne3 Rd4 40.
Kf3 Rd3 41. h4 f5 42. exf5 gxf5 43. Ke2 Rd2+ 44. Ke1 f4 45. Ng4+ Kh5 46. Nxe5
1-0

[Event "13sen.WMH 2003 Senioren"]
[Site "Bad Zwischenahn(17.11.-29.11.2003)"]
[Date "2003.11.29"]
[Round "3"]
[White "Haug, Sverre"]
[Black "Farin, Friedrich"]
[Result "1-0"]
[WhiteElo "1856"]
[BlackElo "1393"]
[PlyCount "75"]


1. Nf3 Nf6 2. d4 g6 3. g3 Bg7 4. Bg2 O-O 5. c4 c5 6. d5 Qa5+ 7. Bd2 Qc7 8. Nc3
a6 9. Bf4 d6 10. Qd2 Nh5 11. Bh6 e6 12. Bxg7 Nxg7 13. e4 e5 14. Qh6 Nd7 15. Bh3
f5 16. Ng5 Nf6 17. O-O Ngh5 18. f4 Qe7 19. Rae1 Kh8 20. Nf3 Ng8 21. Qg5 Qg7 22.
fxe5 h6 23. Qh4 dxe5 24. exf5 Bxf5 25. Bxf5 Rxf5 26. Qe4 Ngf6 27. Qe2 Re8 28.
Nh4 Rg5 29. Ne4 Rg4 30. Nxf6 Nxf6 31. Rxf6 Qxf6 32. Qxg4 g5 33. Rf1 Qb6 34. Qd7
Rd8 35. Ng6+ Qxg6 36. Qxd8+ Kh7 37. Qe7+ Qg7 38. Rf7 1-0

[Event "13sen.WMH 2003 Senioren"]
[Site "Bad Zwischenahn(17.11.-29.11.2003)"]
[Date "2003.11.29"]
[Round "3"]
[White "Heinemann, Klaus-Detlef"]
[Black "Brandt, Fred"]
[Result "0-1"]
[WhiteElo "1415"]
[BlackElo "1641"]
[PlyCount "92"]


1. e4 e5 2. Nf3 Nf6 3. Nxe5 d6 4. Nf3 Nxe4 5. d4 d5 6. Bd3 Bd6 7. c4 c6 8. c5
Bc7 9. O-O O-O 10. Re1 Re8 11. Nbd2 Bf5 12. Nf1 Nd7 13. Ne3 Bg6 14. Qb3 Rb8 15.
a4 Bh5 16. Be2 Bxf3 17. Bxf3 Bxh2+ 18. Kf1 Qh4 19. Bxe4 Rxe4 20. Qd1 Rxd4 21.
Qe2 Bf4 22. Qg4 Qxf2+ 23. Kxf2 Bxe3+ 24. Rxe3 Rxg4 25. Kf3 Rc4 26. Re7 Nxc5 27.
Bf4 Rxf4+ 28. Kxf4 Ne6+ 29. Ke5 Kf8 30. Kd6 d4 31. Rd1 Rd8+ 32. Rd7 Rxd7+ 33.
Kxd7 Nc5+ 34. Kc7 Nxa4 35. Ra1 Nxb2 36. Rb1 Nc4 37. Rxb7 d3 38. Rxa7 d2 39.
Ra8+ Ke7 40. Rd8 c5 41. Rd5 Ke6 42. Rd3 f6 43. Kb7 Kf5 44. Ka6 Ke4 45. Rd7 Ke3
46. Kb5 Ne5 0-1

[Event "13sen.WMH 2003 Senioren"]
[Site "Bad Zwischenahn(17.11.-29.11.2003)"]
[Date "2003.11.29"]
[Round "3"]
[White "Hellwege, Werner"]
[Black "Villing, Dieter"]
[Result "0-1"]
[WhiteElo "1887"]
[BlackElo "2170"]
[PlyCount "52"]


1. d4 f5 2. Nc3 Nf6 3. Bg5 g6 4. Bxf6 exf6 5. e4 fxe4 6. Nxe4 d5 7. Nd2 Nc6 8.
c3 Bd6 9. Bd3 O-O 10. Ne2 Ne7 11. Qc2 c6 12. h4 Bf5 13. Bxf5 Nxf5 14. h5 Qe7
15. hxg6 hxg6 16. Qd3 Rae8 17. g4 Ng7 18. Kd1 f5 19. gxf5 Rxf5 20. Ng3 Bxg3 21.
fxg3 Rf2 22. Nf3 Qe2+ 23. Qxe2 Rexe2 24. Ne5 Rd2+ 25. Kc1 Rc2+ 26. Kd1 Nf5 0-1

[Event "13sen.WMH 2003 Senioren"]
[Site "Bad Zwischenahn(17.11.-29.11.2003)"]
[Date "2003.11.29"]
[Round "3"]
[White "Helmsen, Franz"]
[Black "Moeckel, Edgar,Dr."]
[Result "1/2-1/2"]
[WhiteElo "1958"]
[BlackElo "1805"]
[PlyCount "116"]


1. e4 c6 2. d4 d5 3. Nd2 dxe4 4. Nxe4 Bf5 5. Ng3 Bg6 6. Bc4 e6 7. N1e2 Bd6 8.
Nf4 Ne7 9. O-O Qc7 10. Qf3 Nd7 11. Bxe6 fxe6 12. Nxe6 Qa5 13. Nxg7+ Kd8 14.
Ne6+ Kc8 15. Bf4 Bxf4 16. Qxf4 Nd5 17. Qd6 Qb4 18. Qxb4 Nxb4 19. c3 Nd5 20.
Rfe1 Re8 21. f3 Nf8 22. Nxf8 Rxf8 23. Ne4 b6 24. Nd2 Re8 25. Nc4 Rxe1+ 26. Rxe1
Kc7 27. g3 Re8 28. Ne5 b5 29. a3 Nb6 30. Kf2 a5 31. f4 Nc4 32. Nxc4 Rxe1 33.
Kxe1 bxc4 34. g4 Kd6 35. Kf2 Bc2 36. f5 Ke7 37. Ke3 Kf6 38. Kf4 h6 39. h4 Bd1
40. g5+ hxg5+ 41. hxg5+ Ke7 42. Ke5 Bf3 43. g6 Bd5 44. f6+ Kf8 45. Kf5 Kg8 46.
Ke5 Kf8 47. Kd6 Be4 48. g7+ Kf7 49. Kc5 Bd5 50. Kb6 a4 51. Ka5 Kxf6 52. Kxa4
Kxg7 53. Kb4 Kf7 54. Kc5 Ke7 55. Kb6 Kd7 56. Kb7 c5+ 57. Kb6 cxd4 58. cxd4 Kd6
1/2-1/2

[Event "13sen.WMH 2003 Senioren"]
[Site "Bad Zwischenahn(17.11.-29.11.2003)"]
[Date "2003.11.29"]
[Round "3"]
[White "Hippler, Hans-Werner"]
[Black "Fiedler, Eduard"]
[Result "1/2-1/2"]
[WhiteElo "1456"]
[BlackElo "1734"]
[PlyCount "54"]


1. e4 e5 2. Bc4 Nc6 3. a3 d6 4. Nc3 Nd4 5. h3 c6 6. d3 b5 7. Ba2 Qf6 8. Be3 Be6
9. Bxe6 fxe6 10. Nce2 a5 11. c3 Nxe2 12. Nxe2 Ne7 13. O-O g6 14. Qd2 h6 15. f4
Qg7 16. fxe5 dxe5 17. d4 Rd8 18. Qc2 exd4 19. Bxd4 e5 20. Bb6 Rd7 21. Bxa5 Nc8
22. Rad1 Bc5+ 23. Kh1 Rf8 24. Rxf8+ Qxf8 25. Rxd7 Kxd7 26. Qd3+ Nd6 27. Bb4 Bf2
1/2-1/2

[Event "13sen.WMH 2003 Senioren"]
[Site "Bad Zwischenahn(17.11.-29.11.2003)"]
[Date "2003.11.29"]
[Round "3"]
[White "Hirsch, Adolf,jr.[40AUT]"]
[Black "Wanner, Georges"]
[Result "1-0"]
[WhiteElo "2042"]
[BlackElo "1680"]
[PlyCount "73"]


1. Nf3 Nf6 2. g3 g6 3. Bg2 Bg7 4. d4 d6 5. c4 O-O 6. O-O Nc6 7. Nc3 e5 8. dxe5
Nxe5 9. Nxe5 dxe5 10. Qxd8 Rxd8 11. Bg5 Rd4 12. b3 c6 13. e4 Be6 14. h3 Rad8
15. Be3 Rd3 16. Na4 b6 17. Nb2 R3d7 18. a4 Rb8 19. Rab1 a5 20. f4 exf4 21. gxf4
Bh6 22. e5 Nh5 23. Bxc6 Bxh3 24. Bxd7 Bxd7 25. Rbd1 Bf5 26. Rd6 Ng3 27. Rfd1
Ne2+ 28. Kg2 Nxf4+ 29. Kf3 Bc2 30. Rd8+ Rxd8 31. Rxd8+ Kg7 32. Bxf4 Bxf4 33.
Kxf4 h5 34. Kg5 Bxb3 35. Rb8 Bc2 36. Rxb6 Be4 37. c5 1-0

[Event "13sen.WMH 2003 Senioren"]
[Site "Bad Zwischenahn(17.11.-29.11.2003)"]
[Date "2003.11.29"]
[Round "3"]
[White "Hobusch, Werner"]
[Black "Perk, Egbert"]
[Result "1-0"]
[WhiteElo "1999"]
[BlackElo "1883"]
[PlyCount "71"]


1. e4 c6 2. d4 d5 3. exd5 cxd5 4. c4 e6 5. Nc3 Nf6 6. Nf3 Be7 7. c5 O-O 8. b4
Ne4 9. Qc2 f5 10. Rb1 a6 11. Bd3 Bd7 12. O-O g5 13. a4 Nxc3 14. Qxc3 Bxa4 15.
Ra1 Bd7 16. b5 Bf6 17. Re1 Kf7 18. c6 bxc6 19. bxa6 g4 20. Ne5+ Bxe5 21. Rxe5
Qc7 22. Ba3 Re8 23. Bc5 Bc8 24. Bxf5 Rxa6 25. Bxg4 Rxa1+ 26. Qxa1 Rg8 27. Qd1
Qd8 28. Qe2 Qf6 29. Re3 Qg5 30. Bh5+ Rg6 31. Bxg6+ hxg6 32. f4 Qf5 33. g4 Qb1+
34. Qe1 Qb5 35. Qh4 Qb1+ 36. Re1 1-0

[Event "13sen.WMH 2003 Senioren"]
[Site "Bad Zwischenahn(17.11.-29.11.2003)"]
[Date "2003.11.29"]
[Round "3"]
[White "Iken, Meindert"]
[Black "Korn, Juergen-Christof"]
[Result "0-1"]
[WhiteElo "1476"]
[BlackElo "1979"]
[PlyCount "80"]


1. e4 c5 2. Nf3 g6 3. c3 Bg7 4. Bc4 e6 5. O-O Ne7 6. d4 cxd4 7. cxd4 d5 8. Bb5+
Bd7 9. Bxd7+ Qxd7 10. e5 Nbc6 11. Bg5 h6 12. Bf6 O-O 13. Nc3 Rac8 14. a3 Na5
15. Qa4 Qxa4 16. Nxa4 Nec6 17. Nc5 Bxf6 18. exf6 Nxd4 19. Nxd4 Rxc5 20. b4 Rc4
21. bxa5 Rxd4 22. g3 Rc8 23. Rab1 Rc7 24. Rfc1 Rdc4 25. Rxc4 dxc4 26. Rc1 Kf8
27. Kf1 Ke8 28. Ke2 Kd7 29. Rc3 Kd6 30. f4 Kd5 31. Kd2 Ke4 32. Re3+ Kf5 33. Kc3
Kxf6 34. Re5 Ke7 35. g4 Kd6 36. h4 Rc5 37. Re3 Rxa5 38. Kxc4 Ra4+ 39. Kb5 Rxf4
40. Rd3+ Ke7 0-1

[Event "13sen.WMH 2003 Senioren"]
[Site "Bad Zwischenahn(17.11.-29.11.2003)"]
[Date "2003.11.29"]
[Round "3"]
[White "Ivanets, Vladimir"]
[Black "Bodenstein, Joachim"]
[Result "1-0"]
[WhiteElo "2270"]
[BlackElo "1862"]
[PlyCount "99"]


1. e4 e5 2. d4 exd4 3. Nf3 Nc6 4. Nxd4 Nf6 5. Nxc6 bxc6 6. Bd3 d5 7. e5 Ng4 8.
Bf4 Bc5 9. O-O f6 10. Nd2 fxe5 11. Bxe5 Nxe5 12. Qh5+ Nf7 13. Nb3 Bd6 14. Rae1+
Kf8 15. f4 g6 16. Qf3 Qh4 17. c4 Bg4 18. Qe3 Kg7 19. c5 Rhe8 20. Qd4+ Qf6 21.
cxd6 Qxd4+ 22. Nxd4 c5 23. Nb5 cxd6 24. Nc7 Rxe1 25. Rxe1 Rb8 26. b3 d4 27. h3
Bf5 28. Bc4 Kf8 29. g4 Bd7 30. Kf2 Rc8 31. Nd5 Re8 32. Nf6 Re7 33. Nxh7+ Ke8
34. Nf6+ Kd8 35. Rxe7 Kxe7 36. Nxd7 Nd8 37. Nb8 a5 38. Bd5 Kf6 39. h4 Kg7 40.
g5 Kf8 41. Nd7+ Ke7 42. Nb6 Ne6 43. Bxe6 Kxe6 44. Nc4 a4 45. bxa4 Kd5 46. a5 d3
47. a6 Kc6 48. a7 Kb7 49. Nxd6+ Kxa7 50. Ke3 1-0

[Event "13sen.WMH 2003 Senioren"]
[Site "Bad Zwischenahn(17.11.-29.11.2003)"]
[Date "2003.11.29"]
[Round "3"]
[White "Jahr, Dieter,Dr."]
[Black "Oser, Thor"]
[Result "0-1"]
[WhiteElo "1895"]
[BlackElo "1722"]
[PlyCount "76"]


1. c4 g6 2. Nc3 Bg7 3. d4 d6 4. e4 e5 5. d5 f5 6. Bd3 f4 7. g3 Bh6 8. f3 Na6 9.
Nge2 Bh3 10. Rg1 Nc5 11. b4 Nxd3+ 12. Qxd3 fxg3 13. hxg3 Bd7 14. c5 Bxc1 15.
Rxc1 a6 16. a4 Nh6 17. b5 O-O 18. Qe3 Nf7 19. f4 axb5 20. axb5 Ra3 21. c6 bxc6
22. bxc6 Bg4 23. Qd2 Qe7 24. Nb5 Ra4 25. Nec3 Ra6 26. Qe3 Rfa8 27. Rg2 Ra1 28.
Rb2 exf4 29. Qxf4 Rxc1+ 30. Qxc1 Ne5 31. Qc2 Qf7 32. Nd4 Rf8 33. Nce2 Qf1+ 34.
Kd2 Bxe2 35. Nxe2 Rf2 36. Kc3 Qe1+ 37. Kb3 Qa5 38. Qc3 Rf3 0-1

[Event "13sen.WMH 2003 Senioren"]
[Site "Bad Zwischenahn(17.11.-29.11.2003)"]
[Date "2003.11.29"]
[Round "3"]
[White "Jakobsen, Henning"]
[Black "Zschorsch, Peter"]
[Result "0-1"]
[WhiteElo "1634"]
[BlackElo "1837"]
[PlyCount "20"]


1. f4 d5 2. Nf3 Nf6 3. e3 Bg4 4. h3 Bxf3 5. Qxf3 e6 6. b3 Ne4 7. g3 Qf6 8. c3
Nd7 9. Bb2 c6 10. Bd3 Ne5 0-1